00408 2200157 4500001002100000005001500021008004100036020002200077035001900099082000800118090001400126100001600140245001800156260004100174300003500215INLIS00000000000819920241224113615241224||||||||| | ||| |||| ||  a978-602-7552-12-8 0010-12240081990 a813 a813 JAN m0 aJanu Ismadi00aMisteri Loshu atangerangbDELTA EDUKASI PRIMAc2012 a128 hlm.; ilust.; 14,5 x 19 cm